• 首页
  • 本馆介绍
  • 公告通知
  • 最新文献
  • 馆藏检索
  • 电子资源
  • 读者导购
  • 参考咨询
  • 我的图书馆
  • 登录
  • 详细信息显示
  • 放入我的书架
  • 预约/预借图书
  • 作者相关作品
  • 分类相关作品
  • 丛书相关作品
  • 出版社相关作品

书目信息

  • 表格格式
  • 工作单格式
  • 卡片格式
题名:
因果关系研究
    
 
作者: 维之 著
分册:  
出版信息: 北京   长征出版社  2002
页数: 447页
开本: 20cm
丛书名:
单 册:
中图分类: B025.5
科图分类:
主题词: 辩证唯物主义 , 因果性--研究
电子资源:
ISBN: 7-80015-754-7
000 00549nam0 2200205 45
001 0309211503
005 20031219104115.7
010    @a7-80015-754-7@dCNY23.50
100    @a20030921d2002 km y0chiy0120 ea
101 0  @achi
105    @a z 000yy
200 1  @a因果关系研究@AYin Guo Guan Xi Yan Jiu@f维之著@FWei Zhi Zhu
210    @a北京@c长征出版社@d2002
215    @a447页@d20cm
606 0  @a辩证唯物主义
606 0  @a因果性@x研究
690    @aB025.5@v4
701    @a维之@4著
801    @aCN@bTSTC@c20030921
905    @b325808-812@dB025.5@e71@f5
    
    因果关系研究/维之著.-北京:长征出版社,2002
    447页;20cm
    
    
    ISBN 7-80015-754-7:CNY23.50
    
●
相关链接 在E读中查询图书 在五车中查询图书 在当当中查询图书 在豆瓣中查询图书


正题名:因果关系研究     索取号:B025.5/71         预约/预借

序号 登录号 条形码 馆藏地/架位号 状态 备注
1 0325808   203258081   教育系资料室/ [索取号:B025.5/71] 在馆    
2 0325809   203258090   教育系资料室/ [索取号:B025.5/71] 在馆    
3 0325810   203258107   第一借阅区/ [索取号:B025.5/71] 在馆    
4 0325811   203258116   第一借阅区/ [索取号:B025.5/71] 已借出,限还日期为2026.04.29
借出人:李阎  
 
5 0325812   203258125   第一样本阅览室/ [索取号:B025.5/71] 在馆    
唐山师范学院图书馆 欢迎您!
大连网信软件有限公司© 版权所有